| 000 | 01044nam a22003257a 4500 | ||
|---|---|---|---|
| 001 | BR0300840 | ||
| 003 | BR-BrBNA | ||
| 005 | 20230928101224.0 | ||
| 007 | ta | ||
| 008 | 230509b bl.||||| |||| 00| 0 por d | ||
| 040 |
_aBR-BrBNA _bpor _cBiblioteca Nacional de Agricultura |
||
| 041 | _a(Por) | ||
| 072 |
_aQ54; L51 _b9702 _b5213 |
||
| 090 | _ 9702 BR0300840 | ||
| 100 | 1 | _aPedreira, A.C. de M.S. | |
| 110 | 1 |
_aEscola Superior de Agricultura Luiz de Queiroz, Piracicaba, SP (Brasil) _0Tese (Doutor em Agronomia) |
|
| 245 | 1 | _aCaracterísticas qualitativas do músculo Longissimus dorsi de animais Bos indicus tratados com vitamina D3 | |
| 260 | 3 |
_aPiracicaba, SP (Brasil): _c2002. |
|
| 300 | _a45 p. | ||
| 500 | _aSummaries (Eng, Por); Bibliography p. 37-45; 12 tables | ||
| 650 | _aGADO ZEBU | ||
| 650 | _aCARNE | ||
| 650 | _aSUPLEMENTO VITAMÍNICO | ||
| 650 | _aCARCAÇA | ||
| 650 | _aNUTRIÇÃO ANIMAL | ||
| 650 | _aANÁLISE ORGANOLÉPTICA | ||
| 650 | _aMÚSCULO | ||
| 909 |
_a202309 _bLucia _c55 _dLucia Elande |
||
| 942 | _cBK | ||
| 999 |
_c64793 _d64793 |
||